| 000 | 00479nam a2200181Ia 4500 | ||
|---|---|---|---|
| 999 |
_c29208 _d29208 |
||
| 003 | OSt | ||
| 005 | 20201221121427.0 | ||
| 008 | 190216s9999||||xx |||||||||||||| ||und|| | ||
| 020 | _a9788124012574 | ||
| 040 | _coclc | ||
| 082 |
_a894.8121 _bMAN/A |
||
| 100 |
_aManoj, R _97725 |
||
| 245 | 0 |
_aAazham / _cR Manoj |
|
| 260 |
_bCurrent Books, _aKottayam: _c2003. |
||
| 300 | _a70p | ||
| 650 | _aKavitha | ||
| 942 |
_cBK _2ddc _h894.8121 _iMAN/A _k894.8121 _mMAN/A |
||